Quiz de Fiji - Statistics

Estatísticas Gerais
  • Esse quiz foi jogado 474 vezes
  • A pontuação média é 9 de 19
Estatísticas das Respostas
Dica Resposta % Correto
País que colonizou Fiji entre 1874 e 1987 Reino Unido
86%
Línguas oficiais Inglês
85%
Melhor safra de dinheiro de fiji {Cana}-de-açúcar
84%
Moeda oficial Dólar fijiano
79%
País localizado por volta de 2000 km sul de Fiji Nova Zelândia
75%
Tipo de crise política que Fiji teve em 2007, 2000 e duas vezes em 1987 {Golpe} de Estado
70%
Capital Suva
62%
Esporte mais popular Rugby
59%
Sub-região da Oceania onde Fiji faz parte {Mela}nésia
49%
"ismo" que uma vez horrorizou os visitantes europeus em Fiji, embora sua prevalência seja debatida {Canibal}ismo
45%
Antes da Primeira Guerra Mundial, Fiji recebia cerca de 60.000 servos contratados deste país Índia
41%
Segunda maior ilha {Vanua} Levu
36%
Línguas oficiais Fijiano
32%
Línguas oficiais {Hindi} fijiano
28%
Explorador neerlandês que foi o primeiro europeu a ver as ilhas em 1643 Abel Tasman
22%
Esporte praticado por Vijay Singh, um dos atletas de maior sucesso de Fiji Golfe
22%
A maior ilha, com mais da metade da área e população de Fiji {Viti} Levu
20%
Cidade com mais turistas e maior aeroporto Nadi
17%
Ramo protestante na qual 35% dos fijianos fazem parte Metodismo
16%
Nenhum quiz correspondente encontrado
Distribuição das Pontuações
Porcentagem de Pessoas com Cada Pontuação
Percentil de Números Respondidos
Sua Pontuação Histórica
Você não jogou esse quiz